00484nam a2200193 a 4500001001300000003000900013005001700022008004100039020000800080082002000088100002000108245003600128260004200164300000900206500003500215505001000250650001000260700002000270nice12345678IN_TiNIC20260116011333.0050524s1964 lona grp 000 0 eng  ac000a306.089927bBER aBerque, Jacques aArabs, Their History and Future aLondonbFaber and Faber Limitedc1964 a310p aincludes index and biblioraphy2 aIndex aArabs1 aBerque, Jacques